| 000 | 00649cam a2200217 i 4500 | ||
|---|---|---|---|
| 001 | 0000005744 | ||
| 005 | 20170406120945.0 | ||
| 008 | 760525s1976 mau b 001 0 eng | ||
| 010 | _a 76018719 | ||
| 035 | _9(DLC) 76018719 | ||
| 040 |
_aDLC _cDLC _dDLC |
||
| 050 | 0 | 0 |
_aBX2260 _b.S23 |
| 082 | 0 | 0 | _a234/.166 |
| 245 | 0 | 4 |
_aThe Sacrament of penance in our time / _cedited by George A. Kelley. |
| 260 |
_aBoston : _bSt. Paul Editions, _cc1976. |
||
| 300 |
_a165 p. ; _c21 cm. |
||
| 504 | _aIncludes bibliographical references and index. | ||
| 650 | 0 | _aPenance. | |
| 700 | 1 |
_aKelly, George Anthony, _d1916-2004. |
|
| 908 | _a150321 | ||
| 999 |
_c5519 _d5519 |
||